[Event "QA-ANNIV-03"]
[Site "http://www.queenalice.com/game.php?id=446360"]
[Date "2008.8.9"]
[Round "8"]
[White "TheAlchemist"]
[Black "morpheo"]
[Result "1-0"]
[WhiteElo "2116"]
[BlackElo "2032"]

1. e4 c5 2. Nf3 Nc6 3. d4 cxd4 4. Nxd4 Nf6 5. Nc3 e5 6. Ndb5 d6 7. Bg5 a6 8. Na3
b5 9. Bxf6 gxf6 10. Nd5 f5 11. Bd3 Be6 12. O-O Bxd5 13. exd5 Ne7 14. c3 e4 15.
Bc2 Bg7 16. Qh5 O-O 17. Rae1 Qd7 18. f3 Nxd5 19. fxe4 Nf6 20. Qxf5 Rae8 21. Qxd7
Nxd7 22. Rd1 Be5 23. Nb1 Re6 24. Nd2 Nb6 25. Bb3 Rg6 26. Nf3 Bf4 27. Nh4 Rg4 28.
Nf5 Nc8 29. h3 Be3+ 30. Nxe3 Rxe4 31. Nf5 Re2 32. Rf2 Re7 33. Nxe7+ Nxe7 34.
Rxd6 a5 35. Rdf6 a4 36. Bxf7+ Kg7 37. R6f4 h6 38. Rg4+ Kh7 39. Be6 Rd8 40. Rf7+
Kh8 41. Rxe7 Rf8 42. Rgg7 1-0

[Event "QA-ANNIV-03"]
[Site "http://www.queenalice.com/game.php?id=469836"]
[Date "2008.9.28"]
[Round "9"]
[White "morpheo"]
[Black "edgar_elka"]
[Result "0-1"]
[WhiteElo "1974"]
[BlackElo "2193"]

1. d4 c6 2. c4 d5 3. Nf3 Nf6 4. Nc3 dxc4 5. a4 Bf5 6. e3 Nbd7 7. Bxc4 e6 8. O-O
Bd6 9. Qb3 Qc7 10. g3 Nb6 11. Be2 O-O 12. Nh4 Bh3 13. Re1 e5 14. dxe5 Bxe5 15.
f4 Bd6 16. Bd3 Rad8 17. Qc2 Rfe8 18. Nf3 Bg4 19. Nd4 Bb4 20. Bd2 a5 21. Kg2 Qc8
22. e4 Rxd4 23. e5 Red8 24. Re3 Nc4 25. exf6 Nxe3+ 26. Bxe3 Rxd3 27. Bf2 Bf3+
28. Kg1 Qh3 29. Be1 Bc5+ 30. Bf2 Qg2# 0-1

[Event "AUTO-OPEN-1047"]
[Site "http://www.queenalice.com/game.php?id=496172"]
[Date "2008.11.21"]
[Round "3"]
[White "PhonyBenoni"]
[Black "morpheo"]
[Result "1-0"]
[WhiteElo "1894"]
[BlackElo "1952"]

1. e4 c5 2. Nf3 Nc6 3. Bb5 g6 4. c3 Bg7 5. d4 cxd4 6. cxd4 a6 7. Bc4 b5 8. Bb3
e6 9. O-O Nf6 10. d5 Na5 11. Bg5 Qb6 12. Be3 Qc7 13. Nc3 O-O 14. Rc1 Qb7 15. e5
Ng4 16. Bc5 Re8 17. Ne4 Qc7 18. Nd6 Rd8 19. Qd4 Nxb3 20. axb3 Nh6 21. Bb6 Qxd6
22. Bxd8 Qf8 23. Ba5 Nf5 24. Qc5 Qe8 25. Qc7 Ne7 26. dxe6 fxe6 27. Qd8 Bb7 28.
Qxe8+ Rxe8 29. Bc7 Nd5 30. Bd6 Bc6 31. Nd4 Bb7 32. Rc2 Bh6 33. g3 Kf7 34. b4 Rd8
35. Nb3 Nb6 36. Nc5 Bc8 37. Bc7 Re8 38. Bxb6 Ke7 39. Ne4 Bg7 40. Nd6 Rg8 41. f4
Bb7 42. Nxb7 Rb8 43. Nd6 h5 44. Rfc1 g5 45. Rc8 Rxc8 46. Rxc8 gxf4 47. Re8# 1-0

[Event "AUTO-OPEN-1047"]
[Site "http://www.queenalice.com/game.php?id=496173"]
[Date "2008.11.21"]
[Round "3"]
[White "morpheo"]
[Black "PhonyBenoni"]
[Result "0-1"]
[WhiteElo "1987"]
[BlackElo "1875"]

1. d4 Nf6 2. c4 c5 3. d5 e6 4. Nc3 exd5 5. cxd5 d6 6. e4 g6 7. Bg5 Bg7 8. Bc4
O-O 9. Nf3 Bg4 10. h3 Bxf3 11. Qxf3 Nbd7 12. O-O a6 13. Rfe1 b5 14. Bd3 Ne5 15.
Qe2 Qb6 16. Rab1 Nfd7 17. Bc2 Nc4 18. Bd3 Nxb2 19. Nxb5 Nxd3 20. Nxd6 Qxd6 21.
Qxd3 Rab8 22. Rbc1 Rb2 23. Qa3 Rfb8 24. Be3 R8b4 25. Bg5 Bd4 26. Bh4 Qf4 27. Qg3
Rxf2 28. Kh1 Qxg3 29. Bxg3 Rxa2 30. Bd6 Rbb2 31. g4 Ne5 32. Rf1 Rh2# 0-1

[Event "QA-ANNIV-03"]
[Site "http://www.queenalice.com/game.php?id=525025"]
[Date "2009.1.18"]
[Round "10"]
[White "morpheo"]
[Black "JulioCG"]
[Result "0-1"]
[WhiteElo "1967"]
[BlackElo "1987"]

1. d4 Nf6 2. c4 e6 3. Nc3 Be7 4. e4 O-O 5. Bd3 c6 6. e5 Ne8 7. Qc2 g6 8. Nf3 f6
9. Bf4 f5 10. O-O-O Na6 11. a3 Nac7 12. h4 b5 13. c5 a5 0-1

[Event "AUTO-OPEN-1203"]
[Site "http://www.queenalice.com/game.php?id=558202"]
[Date "2009.3.19"]
[Round "2"]
[White "morpheo"]
[Black "Undertaker"]
[Result "1-0"]
[WhiteElo "1934"]
[BlackElo "1952"]

1. d4 d5 2. c4 dxc4 3. e4 Nc6 4. Be3 Nf6 5. f3 e5 6. d5 Bb4+ 7. Nc3 Na5 8. Qa4+
Bd7 9. Qxb4 b6 10. Bxc4 c5 11. dxc6 Bxc6 12. Rd1 Qc7 13. Nb5 Bxb5 14. Bxb5+ Nc6
15. Qa4 Rc8 16. Rc1 Kd7 17. Ne2 Qb7 18. O-O Ne8 19. Rfd1+ Nd6 20. Ba6 Qc7 21.
Bxc8+ Rxc8 22. Nc3 Ke6 23. Qb3+ Kd7 24. Qxf7+ Ne7 25. Bg5 Re8 26. Qxg7 Qc5+ 27.
Kf1 Qc4+ 28. Ke1 Qc5 29. Ne2 Qa5+ 30. Nc3 Qc5 31. Ne2 Qa5+ 32. Kf2 Qb5 33. b3 h5
34. Rd5 Qb4 35. Rxe5 Nc8 36. Rd1+ Kc7 37. Bf4 Kc6 38. Re6+ Kb5 39. Nd4+ Ka6 40.
Nc2 Qc5+ 41. Ne3 Rg8 42. Qd4 Qa3 43. Qa4+ Qxa4 44. bxa4 Ng6 45. Bc7 Nf4 46. Bxf4
Rg7 47. Nf5 Rf7 48. Re8 Kb7 49. Rxc8 Kxc8 50. Nd6+ Kb8 51. Nxf7+ Kc8 52. e5 1-0

[Event "AUTO-OPEN-1203"]
[Site "http://www.queenalice.com/game.php?id=558203"]
[Date "2009.3.19"]
[Round "2"]
[White "Undertaker"]
[Black "morpheo"]
[Result "1/2-1/2"]
[WhiteElo "2089"]
[BlackElo "1951"]

1. e4 c5 2. Bc4 Nc6 3. d3 Nf6 4. Nc3 d6 5. h3 e6 6. Bg5 Be7 7. Nf3 O-O 8. O-O h6
9. Bh4 g5 10. Bg3 a6 11. Re1 b5 12. Bb3 Bd7 13. Qd2 Nh7 14. a3 Kh8 15. Rad1 Nd4
16. Nxd4 cxd4 17. Ne2 e5 18. c3 dxc3 19. Nxc3 Be6 20. Nd5 f5 21. exf5 Bxf5 22.
f3 Nf6 23. h4 Nxd5 24. Bxd5 Ra7 25. d4 Bf6 26. Bf2 Rd7 27. hxg5 hxg5 28. g4 Bg6
29. Kg2 Kg7 30. Rh1 Rh8 31. Be6 Re7 32. Bf5 Bxf5 33. gxf5 Qc8 34. dxe5 dxe5 35.
Qd3 Rhe8 36. Rh5 e4 37. fxe4 Rxe4 38. Qd7+ Qxd7 39. Rxd7+ R8e7 40. Rd6 a5 41.
Bc5 Rb7 42. Kf3 Rf4+ 43. Kg3 Rxf5 44. Bd4 Bxd4 45. Rxd4 Kg6 46. Kg4 Rbf7 47.
Rd6+ R7f6 48. Rxf6+ Kxf6 49. Rh8 Rf4+ 50. Kg3 Re4 51. Rb8 Re5 52. Kg4 Kg6 53.
Rb6+ Kf7 54. Ra6 a4 55. Ra5 Ke6 56. Ra6+ Kf7 57. Ra7+ Kf6 58. Ra6+ Kf7 1/2-1/2

[Event "AUTO-OPEN-1203"]
[Site "http://www.queenalice.com/game.php?id=558204"]
[Date "2009.3.19"]
[Round "2"]
[White "morpheo"]
[Black "holandes"]
[Result "1-0"]
[WhiteElo "1988"]
[BlackElo "2086"]

1. d4 Nf6 2. c4 c5 3. d5 e6 4. Nc3 exd5 5. cxd5 d6 6. e4 g6 7. f4 Bg7 8. Bb5+
Bd7 9. e5 Nh5 10. Nf3 h6 11. g4 Nxf4 12. Bxf4 g5 13. Bg3 O-O 14. h3 Qa5 15. Bc4
b5 16. Bd3 c4 17. Be4 Na6 18. O-O Nc5 19. Bc2 Qb6 20. Kg2 a5 21. Ne4 Nb7 22. Rb1
b4 23. b3 Rac8 24. Nf6+ Bxf6 25. exf6 Rfe8 26. Bf2 Qc7 27. Qd2 Bb5 28. Rfc1 c3
29. Qd4 Nc5 30. h4 Re2 31. hxg5 hxg5 32. Nxg5 Rd2 33. Qf4 Nd3 34. Bxd3 Bxd3 35.
Ra1 Re2 36. Qf3 Bb5 37. Qf5 Kf8 38. Rh1 Kg8 39. Qh7+ 1-0

[Event "AUTO-OPEN-1203"]
[Site "http://www.queenalice.com/game.php?id=558205"]
[Date "2009.3.19"]
[Round "2"]
[White "holandes"]
[Black "morpheo"]
[Result "0-1"]
[WhiteElo "2073"]
[BlackElo "1957"]

1. e4 c5 2. Nf3 Nc6 3. d4 cxd4 4. Nxd4 Nf6 5. Nc3 e5 6. Ndb5 d6 7. Bg5 a6 8. Na3
b5 9. Bxf6 gxf6 10. Nd5 f5 11. Bd3 Be6 12. Ne3 f4 13. Nf1 Qg5 14. Rg1 Bg7 15. g3
O-O 16. Nd2 Kh8 17. Nf3 Qf6 18. c4 b4 19. Nc2 Bg4 20. Qe2 Bh6 21. O-O-O fxg3+
22. Ne3 Bxf3 23. Qf1 Bxd1 24. Qxd1 gxf2 25. Rf1 Bxe3+ 26. Kb1 Nd4 27. Rh1 Rg8
28. Rf1 Rg1 29. b3 Rag8 30. Kb2 Rxf1 31. Qxf1 Rg1 32. a3 Rxf1 0-1

[Event "AUTO-ADV-1401"]
[Site "http://www.queenalice.com/game.php?id=619356"]
[Date "2009.7.15"]
[Round "1"]
[White "morpheo"]
[Black "deltaboy"]
[Result "0-1"]
[WhiteElo "2008"]
[BlackElo "2331"]

1. d4 f5 2. c4 Nf6 3. g3 e6 4. Bg2 d5 5. Nh3 Nc6 6. O-O Be7 7. b3 O-O 8. Bb2 h6
9. e3 Qe8 10. Nf4 g5 11. Nd3 Bd7 12. Nc3 Qf7 13. Ne2 Rad8 14. f4 Ne4 15. Ne5 Qg7
16. cxd5 exd5 17. Rc1 Be8 18. Nc3 Bf6 19. Kh1 Be7 20. Nb5 Nxe5 21. Nxc7 Ng4 22.
Qe2 Qg6 23. Bxe4 dxe4 24. h3 gxf4 25. gxf4 Bd7 26. Nd5 Bh4 27. hxg4 fxg4 28. Rg1
h5 29. Qh2 Bc6 30. Nb4 Be7 31. Nxc6 bxc6 32. Rg2 Rd5 33. Rcg1 Rff5 34. Bc3 Kf7
35. Be1 c5 36. dxc5 Bxc5 37. Rg3 Rd3 38. Bf2 Rd2 39. Qg2 Rfd5 40. Ra1 R5d3 41.
Qg1 Bb6 42. b4 Qf6 43. Kg2 Bxe3 44. Rf1 Qxf4 45. Rxe3 Rxe3 46. Kh1 Rh3+ 47. Kg2
Qf3# 0-1

[Event "AUTO-ADV-1401"]
[Site "http://www.queenalice.com/game.php?id=619357"]
[Date "2009.7.15"]
[Round "1"]
[White "deltaboy"]
[Black "morpheo"]
[Result "0-1"]
[WhiteElo "2309"]
[BlackElo "1988"]

1. d4 Nf6 2. c4 g6 3. Nc3 Bg7 4. Bg5 O-O 5. e4 d6 6. Be2 Nc6 7. Qd2 e5 8. Nf3
Qe8 9. Bxf6 Bxf6 10. Nd5 Qd8 11. Nxf6+ Qxf6 12. d5 Ne7 13. h4 Bg4 14. Qg5 Qxg5
15. Nxg5 Bxe2 16. Kxe2 h6 17. Nh3 c6 18. Rhd1 cxd5 19. exd5 Nf5 20. g3 Nd4+ 21.
Kd3 Rac8 22. f4 f6 23. Rac1 b6 24. g4 Kg7 25. Rf1 Rce8 26. h5 g5 27. f5 Re7 28.
Ke4 Ne2 29. Nf2 Ng3+ 30. Ke3 Nxf1+ 31. Rxf1 Rc8 32. b3 Kf7 33. Ne4 Rd7 34. a4
Ke7 35. Kd3 Rdc7 36. Rc1 a6 37. Rc2 b5 38. axb5 axb5 39. c5 Rxc5 40. Nxc5 Rxc5
41. Ra2 Rxd5+ 42. Kc3 Rc5+ 43. Kb4 Kd7 44. Ra7+ Rc7 45. Ra8 e4 46. Kxb5 e3 47.
Ra2 d5 48. Ra6 d4 49. Re6 Kc8 50. Re8+ Kd7 51. Re4 Kd6 52. Rxd4+ Ke5 53. Rd8 Kf4
54. Re8 Kf3 55. b4 e2 56. Kb6 Rc2 57. b5 Kxg4 58. Ka5 Kf3 59. b6 Rb2 60. Re7 Kf2
61. b7 Rxb7 62. Rxb7 e1=Q+ 63. Rb4 Qe5+ 64. Rb5 Qxb5+ 0-1

[Event "AUTO-OPEN-1203"]
[Site "http://www.queenalice.com/game.php?id=630148"]
[Date "2009.8.3"]
[Round "3"]
[White "morpheo"]
[Black "enzoiazo"]
[Result "0-1"]
[WhiteElo "2005"]
[BlackElo "2181"]

1. d4 Nf6 2. c4 c5 3. d5 b5 4. cxb5 a6 5. e3 axb5 6. Bxb5 Ba6 7. Bxa6 Qa5+ 8.
Nc3 Qxa6 9. Nge2 d6 10. O-O Nbd7 11. a4 g6 12. Nb5 Rc8 13. Nec3 Bg7 14. e4 O-O
15. f3 c4 16. Be3 Nc5 17. Bxc5 Rxc5 18. Ra3 Rd8 19. Qc2 e6 20. Rd1 exd5 21. exd5
Re8 22. b4 cxb3 23. Qxb3 h5 24. Qb4 Re5 25. Qb3 Re8 26. Qa2 Bh6 27. h3 h4 28.
Kh1 Bf4 29. Qf2 Nh5 30. Qxh4 Ng3+ 31. Kg1 Rxc3 32. Nxc3 g5 33. Qg4 f5 34. Qxg3
Bxg3 35. Nb5 Qb6+ 36. Kh1 Re2 37. Raa1 Rxg2 38. Nd4 Rh2+ 39. Kg1 Qb2 40. Nxf5
Qf2# 0-1

[Event "AUTO-OPEN-1203"]
[Site "http://www.queenalice.com/game.php?id=630149"]
[Date "2009.8.3"]
[Round "3"]
[White "enzoiazo"]
[Black "morpheo"]
[Result "1-0"]
[WhiteElo "2191"]
[BlackElo "1996"]

1. d4 Nf6 2. Nf3 g6 3. g3 Bg7 4. Bg2 O-O 5. O-O c6 6. b3 d5 7. Bb2 Bf5 8. Nbd2
Nbd7 9. Nh4 Be6 10. f4 Ng4 11. Rf3 f5 12. h3 Ngf6 13. Rd3 Nb6 14. Rc1 Qd6 15.
Nhf3 Ne4 16. Nf1 Rad8 17. Ne5 Qc7 18. a4 Nd7 19. Ba3 Nxe5 20. dxe5 Qb6+ 21. e3
Rf7 22. c4 a6 23. b4 Qa7 24. b5 axb5 25. axb5 Qa5 26. bxc6 bxc6 27. cxd5 cxd5
28. Rc6 Bd7 29. Rxd5 Qxa3 30. Rxd7 Rxd7 31. Qxd7 Bf8 32. Rc8 Qa2 33. e6 Rf6 34.
Bxe4 fxe4 35. Qxe7 Qxe6 36. Rxf8+ Rxf8 37. Qxe6+ Kg7 38. Qxe4 Rf7 39. g4 h6 40.
Ng3 Kh7 41. f5 gxf5 42. Nxf5 Kg6 43. h4 Rf6 44. h5+ Kg5 45. Qf4# 1-0

[Event "AUTO-ADV-1401"]
[Site "http://www.queenalice.com/game.php?id=714110"]
[Date "2010.1.15"]
[Round "2"]
[White "morpheo"]
[Black "Ben_Gurion"]
[Result "1-0"]
[WhiteElo "2033"]
[BlackElo "1758"]

1. d4 d5 2. c4 c6 3. Nf3 Nf6 4. Nc3 e6 5. Bg5 h6 6. Bh4 g5 7. Bg3 dxc4 8. e3 Bb4
9. Bxc4 Ne4 10. Qc2 Nxg3 11. hxg3 Nd7 12. O-O-O Nb6 13. Bb3 Nd5 14. Ne4 f5 15.
Nexg5 Be7 16. Nh3 a5 17. Ne5 Nb4 18. Qe2 a4 19. Qh5+ 1-0

[Event "AUTO-ADV-1401"]
[Site "http://www.queenalice.com/game.php?id=714111"]
[Date "2010.1.15"]
[Round "2"]
[White "Ben_Gurion"]
[Black "morpheo"]
[Result "0-1"]
[WhiteElo "1671"]
[BlackElo "2038"]

1. e4 c5 2. Nf3 Nc6 3. c3 Nf6 4. e5 Nd5 5. c4 Nf4 6. d4 Ng6 7. Be2 cxd4 8. Nxd4
Ngxe5 9. Be3 e6 10. O-O Bb4 11. a3 Ba5 12. b4 Bb6 13. c5 Bc7 14. Nc3 O-O 15.
Ndb5 a6 16. Nd6 Qf6 17. Nce4 Qe7 18. h3 f5 19. Nxc8 Raxc8 20. Nd6 Bxd6 21. cxd6
Qf6 22. Qd2 Nf7 0-1

[Event "AUTO-ADV-1401"]
[Site "http://www.queenalice.com/game.php?id=714112"]
[Date "2010.1.15"]
[Round "2"]
[White "morpheo"]
[Black "RobertD"]
[Result "1-0"]
[WhiteElo "2026"]
[BlackElo "1812"]

1. d4 d5 2. c4 dxc4 3. e4 b5 4. a4 c6 5. axb5 cxb5 6. Nc3 e6 7. Nxb5 a6 8. Nc3
Bb7 9. Bxc4 Bb4 10. f3 Qc7 11. Qd3 Nf6 12. Ne2 O-O 13. O-O a5 14. Bf4 Qd7 15.
Rfd1 Rd8 16. Bb3 Ba6 17. Qe3 Nh5 18. d5 Bxe2 19. Nxe2 Nxf4 20. Nxf4 exd5 21.
Rxd5 Qc7 22. Rc1 Qe7 23. Qd3 Nc6 24. Rxc6 Rxd5 25. Nxd5 Qb7 26. Qc4 h6 27. Rc7
1-0

[Event "AUTO-ADV-1401"]
[Site "http://www.queenalice.com/game.php?id=714113"]
[Date "2010.1.15"]
[Round "2"]
[White "RobertD"]
[Black "morpheo"]
[Result "0-1"]
[WhiteElo "1838"]
[BlackElo "2017"]

1. e4 c5 2. f4 e6 3. Nf3 Nc6 4. Bb5 Nf6 5. Bxc6 bxc6 6. O-O Nxe4 7. d3 Nf6 8.
Be3 Be7 9. Nc3 d5 10. Ne5 Bb7 11. g4 d4 12. g5 Nd7 13. Ne4 dxe3 14. Qe2 Nxe5 15.
fxe5 Qd4 16. c3 Qxe5 17. Qxe3 O-O 18. Rae1 Rad8 19. h4 Ba6 20. Qf3 Rxd3 21. Qg2
Qd5 22. Nf6+ Bxf6 23. Qxd5 Rxd5 0-1

[Event "AUTO-ADV-1401"]
[Site "http://www.queenalice.com/game.php?id=790721"]
[Date "2010.6.16"]
[Round "3"]
[White "morpheo"]
[Black "deltaboy"]
[Result "0-1"]
[WhiteElo "2040"]
[BlackElo "2268"]

1. d4 Nf6 2. c4 g6 3. Nc3 Bg7 4. e4 d6 5. Bg5 O-O 6. f3 c6 7. Bd3 h6 8. Be3 b6
9. Qd2 Kh7 10. Nge2 e5 11. d5 a5 12. g4 a4 13. Ng3 Ng8 14. h4 a3 15. b3 c5 16.
O-O-O Na6 17. Nb5 Nb4 18. Bb1 Qe7 19. Rdf1 Ra5 20. Kd1 Bd7 21. Nc3 b5 22. Bd3
Nxd3 23. Qxd3 bxc4 24. Qxc4 Rb8 25. Rf2 Rb4 26. Qd3 Bc8 27. Rc2 c4 28. bxc4 Ba6
29. Qd2 Bxc4 30. Nce2 Rb1+ 31. Nc1 Ra4 32. Ne2 Qf6 33. Rh3 Rab4 34. Qc3 Ra4 35.
Kd2 Qd8 36. Ke1 f5 37. gxf5 gxf5 38. Qd2 fxe4 39. fxe4 Bxe2 40. Kxe2 Nf6 41. Qd3
Rb2 42. Kf3 Nxe4 43. Rc4 Qf6+ 44. Kxe4 Rxc4+ 45. Qxc4 Qg6+ 46. Kf3 Qg2# 0-1

[Event "AUTO-ADV-1401"]
[Site "http://www.queenalice.com/game.php?id=790722"]
[Date "2010.6.16"]
[Round "3"]
[White "deltaboy"]
[Black "morpheo"]
[Result "1-0"]
[WhiteElo "2267"]
[BlackElo "2033"]

1. d4 Nf6 2. c4 g6 3. Nc3 Bg7 4. Nf3 d6 5. e4 O-O 6. Be2 Bg4 7. O-O c5 8. d5
Nfd7 9. Qc2 Na6 10. a3 Nb6 11. b3 Nc7 12. Bb2 Nd7 13. Rad1 Rb8 14. Nh4 Ne5 15.
f4 Bxe2 16. Qxe2 Nd7 17. a4 Bd4+ 18. Kh1 e6 19. Nf3 e5 20. f5 Qe7 21. Nb5 Nxb5
22. cxb5 Bxb2 23. Qxb2 Nf6 24. Qe2 b6 25. Nd2 gxf5 26. Rxf5 Kh8 27. Rdf1 Ng8 28.
Rh5 Nf6 29. Rhf5 Ng8 30. Qh5 f6 31. h4 Qg7 32. Qf3 Qh6 33. Qf2 Rb7 34. g4 Qg7
35. g5 Qg6 36. Qf3 Ne7 37. Rxf6 Rxf6 38. gxf6 Qh6 39. Qg4 Ng6 40. Nf3 Nf4 41.
Qc8+ Qf8 42. Qxf8# 1-0

[Event "QA-ANNIV-07"]
[Site "http://www.queenalice.com/game.php?id=950679"]
[Date "2011.6.16"]
[Round "1"]
[White "rayan10"]
[Black "morpheo"]
[Result "0-1"]
[WhiteElo "1817"]
[BlackElo "2026"]

1. e4 c5 2. Nc3 Nc6 3. Nf3 g6 4. b3 Bg7 5. Bb2 d6 6. Bc4 a6 7. O-O e6 8. Be2
Nge7 9. Rb1 O-O 10. d3 b5 11. Qc1 Qa5 12. Qe1 b4 13. Na4 Qc7 14. c4 e5 15. a3 a5
16. h3 f5 17. exf5 Nxf5 18. Bc1 Bb7 19. Ng5 Nfd4 20. Be3 Qe7 21. Nf3 Nc2 22. Qc1
Nxa3 23. Nb6 Ra6 24. Nd5 Qd7 25. Ra1 e4 26. Ra2 exf3 27. Bxf3 Ne5 28. Be4 Bxd5
29. Bxd5+ Kh8 30. Qd1 Nc6 31. Bc1 Ne7 32. Be4 Nb1 33. Bb2 Nc3 34. Bxc3 Bxc3 35.
f4 Bd4+ 36. Kh1 d5 37. Bf3 dxc4 38. dxc4 Qc7 39. Rd2 Nf5 40. Be4 Ng3+ 41. Kh2
Nxf1+ 42. Qxf1 Rxf4 0-1

[Event "QA-ANNIV-07"]
[Site "http://www.queenalice.com/game.php?id=992159"]
[Date "2011.10.1"]
[Round "2"]
[White "morpheo"]
[Black "rusoma"]
[Result "0-1"]
[WhiteElo "2034"]
[BlackElo "1758"]

1. d4 d5 2. c4 e5 3. dxe5 d4 4. Nf3 Nc6 5. g3 Bb4+ 6. Nbd2 Bg4 7. Bg2 Bxf3 8.
Bxf3 Nxe5 9. Bxb7 Rb8 10. Ba6 Qe7 11. O-O Bxd2 12. Qxd2 Nf6 13. Qxd4 Nc6 14. Qd2
O-O 15. e3 Rbd8 16. Qe2 Qe6 17. Qf3 Ne5 18. Qb7 Nd3 19. Bb5 Ng4 20. h3 Nge5 21.
Kg2 Nxc4 22. b3 Nd6 23. Qc6 Ne5 24. Qc5 Ne4 25. Qxc7 Ng5 26. g4 Qd5+ 27. Kh2 Qf3
28. Bc6 Qxh3+ 29. Kg1 Nef3+ 30. Bxf3 Nxf3# 0-1